| 000 | 00624cam a2200217 i 4500 | ||
|---|---|---|---|
| 999 |
_c120579 _d120579 |
||
| 001 | 20710436 | ||
| 005 | 20201204120703.0 | ||
| 008 | 181018s2019 moua b 001 0 eng | ||
| 020 | _a9780323523752 | ||
| 040 | _cPK-LaUMT | ||
| 082 | 0 | 0 |
_a612.64 _223 _bCAR-H |
| 100 | 1 | _aCarlson, Bruce M. | |
| 245 | 1 | 0 |
_aHuman embryology and developmental biology / _cby Bruce M. Carlson |
| 250 | _a6th ed. | ||
| 260 |
_aMissori : _bElsevier, _c2019 |
||
| 300 |
_axi, 480 p. : _billustrations (chiefly color) ; _c28 cm |
||
| 650 | 0 | _aEmbryology, Human. | |
| 650 | 0 | _aDevelopmental biology. | |
| 650 | 0 | _aHuman growth. | |
| 942 | _cBK | ||